Responses for Show #2611 - Monday, January 1, 1996

Contestants

[<< previous game]

Rima Rozen, a professor from Montreal, Canada

Leslee Suttie, a bookkeeper from Arlington, Texas

Marion Nowak, an editor from St. Louis, Missouri

[next game >>]

Jeopardy! Round responses

FAMOUS NAMES
THE BEATLES
COLORS
THE MOVIES
COUNTRIES OF THE WORLD
LEFTOVERS
    $100 16
Martin Luther King

Rima
    $100 1
Ringo Starr

Marion
    $100 21
red

Leslee
    $100 11
Die Hard

Marion
    $100 6
Egypt

Rima
    $100 26
(Marion: [*].)
(Alex: I'm sorry?)
(Marion [*].)
(Alex: Remember your phrasing, please.)

sauce for the gander

Marion
    $200 17
(William) Masters

Leslee
    $200 2
"Lucy In The Sky With Diamonds"

Leslee
    $200 22
tan

Leslee
    $200 12
In the Heat of the Night

Rima
    $200 7
(Marion: What is Liechtenstein?)

Luxembourg

MarionRima
    $200 27
Mamie Eisenhower

Marion
    $300 18
Ralph Lauren

Marion
    $300 3
Sgt. Pepper's Lonely Hearts Club Band

Leslee
    $300 23
green

Rima
    $300 13
Came down a Mountain

Leslee
    $300 8
Nepal

Leslee
    $300 28
Sopwith

Leslee
    $400 19
Knute Rockne

Marion
    $200 4
"The Long And Winding Road"

Leslee
    $400 24
(Marion: What is white?)

pink

Marion
Triple Stumper
    $400 14
Cocoon

Leslee
    $400 9
Greece

Leslee
    $400 29
Dr. Joyce Brothers

Leslee
    $500 20
(Rima: Who is Baryshnikov?)
(Marion: Who is Nureyev?)
(Leslee: Ugh! No, sorry.)
(Alex: Correct response--who is Boris Godunov? I'm sorry! [*].)
[Laughter]
(Alex: Mental lapse.)

Alexander Godunov

MarionLesleeRima
Triple Stumper
    $500 5
Rocky Raccoon

Rima
    $500 25
silver

Rima
    $500 15
Coming Home

Leslee
    $500 10
(Marion: What is Greenland?)

Iceland

MarionLeslee
    $500 30
William Saroyan

Triple Stumper

Scores at the first commercial break (after clue 15):

Marion Leslee Rima
-$500 $3,100 $1,000

Scores at the end of the Jeopardy! Round:

Marion Leslee Rima
-$400 $3,800 $1,400

Double Jeopardy! Round responses

INVENTORS
QUOTATIONS
AMERICANA
1881
THEATRE
IT'S EXTINCT
    $200 1
Napoleon

Rima
    $200 12
a pound

Marion
    $200 17
Francis Scott Key

Leslee
    $200 26
(Alex: We have less than a minute to go.)

Leaves of Grass

Rima
    $200 2
The Elephant Man

Leslee
    $200 7
the mammoth

Rima
    $400 8
the sewing machine

Rima
    $400 13
Rodney Dangerfield

Leslee
    $400 18
McDonald's

Marion
    $400 27
Western Union

Leslee
    $400 3
(Leslee: Who is Edward G. Robinson?)

James Cagney

LesleeRima
    $400 22
the Maoris

Rima
    $600 9
hydrogen

Rima
    $600 14
Barbara Bush

Leslee
    $600 19
(Marion: What is New Mexico?)

Arkansas

Marion
Triple Stumper
    $600 28
the America's Cup

Leslee
    $600 4
How to Succeed in Business Without Really Trying

Marion
    $600 23
the passenger pigeon

Marion
    $800 10
the steam engine

Marion
    $800 15
U.S. Steel

Marion
    $500 20
(Marion: I don't know.)
(Alex: Who is [*]? Also an island and a city in Canada named for him.)

Vancouver

Marion
    $800 29
Mary Cassatt

Rima
    $800 5
The Crucible

Leslee
    $800 24
the Brontosaurus

Marion
    $1000 11
Birdseye

Leslee
    $1000 16
Nehru

Marion
    $1000 21
Coolidge

Rima
    $1,100 30
Chester Arthur

Rima
    $1000 6
Tony n' Tina

Triple Stumper
    $1000 25
Bering

Rima

Scores at the end of the Double Jeopardy! Round:

Marion Leslee Rima
$3,700 $7,600 $7,700

[wagering suggestions for these scores]

Final Jeopardy! Round responses

DEMOCRATS
(Alex: [To Marion] No, wrong party.)
...
(Alex: [To Leslee] Right party, but not long enough.)
...
(Alex: The correct response is [*] of West Virginia; he's been in the Senate since 1959--over 35 years. So, it will cost you... your wager was $50. All right, the women do tend to wager more conservatively.)
MarionWho is Sen. Hatch
$100
LesleeWho is Ted Kennedy
$351
RimaWho is Ted Kennedy?
$50
Senator (Robert) Byrd

Final scores:

Marion Leslee Rima
$3,600 $7,249 $7,650
3rd place: Michael C. Fina Barrymore pattern dinnerware + Jeopardy! home game & GameTek Jeopardy 2nd place: General Instrument satellite system & Samsung 27" TV + Jeopardy! home game & GameTek Jeopardy New champion: $7,650

Game dynamics:

Coryat scores:

Marion Leslee Rima
$4,200 $7,800 $7,600
14 R,
6 W
(including 1 DD)
22 R
(including 1 DD),
2 W
18 R
(including 1 DD),
1 W

Combined Coryat: $19,600

[game clues] [game scores] [suggest correction]

Game tape date: Unknown
The J! Archive is created by fans, for fans. Scraping, republication, monetization, and malicious use prohibited; this site may use cookies and collect identifying information. See terms. The Jeopardy! game show and all elements thereof, including but not limited to copyright and trademark thereto, are the property of Jeopardy Productions, Inc. and are protected under law. This website is not affiliated with, sponsored by, or operated by Jeopardy Productions, Inc. Join the discussion at JBoard.tv.